Discours du deputé N. S. Khrouchtchev, premier secrétaire du Comité central du Parti communiste de l'Union soviétique, prononcé en séance du Soviet de l'Union du Soviet suprême de l'U.R.S.S. le 26 avril 1954 (Запись № 8713871)

Подробности
000 -МАРКЕР
контрольное поле 01083nam0a22002411 4500
001 - ИДЕНТИФИКАТОР ЗАПИСИ
контрольное поле RU\NLR\INFOCOMM_165\5000005946
005 - ИДЕНТИФИКАТОР ВЕРСИИ
контрольное поле 20260419063800.0
035 ## - ДРУГИЕ СИСТЕМНЫЕ НОМЕРА
Идентификатор записи (NLR Aleph) 009205057
100 ## - ДАННЫЕ ОБЩЕЙ ОБРАБОТКИ
Данные общей обработки 20100504d1954 |||y0rusy50 ca
101 1# - ЯЗЫК РЕСУРСА
Язык текста, звукозаписи и т.д. французский
Язык оригинала русский
102 ## - СТРАНА ПУБЛИКАЦИИ ИЛИ ПРОИЗВОДСТВА
Страна публикации Российская Федерация
105 ## - ПОЛЕ КОДИРОВАННЫХ ДАННЫХ: ТЕКСТОВЫЕ МАТЕРИАЛЫ, МОНОГРАФИЧЕСКИЕ
Кодированные данные о монографическом текстовом документе y ||||000|y
200 1# - ЗАГЛАВИЕ И СВЕДЕНИЯ ОБ ОТВЕТСТВЕННОСТИ
Основное заглавие Discours du deputé N. S. Khrouchtchev, premier secrétaire du Comité central du Parti communiste de l'Union soviétique, prononcé en séance du Soviet de l'Union du Soviet suprême de l'U.R.S.S. le 26 avril 1954
210 ## - ПУБЛИКАЦИЯ, РАСПРОСТРАНЕНИЕ И ДР.
Место издания, распространения и т.д. [Moscou]
Дата издания, распространения и т.д. 1954
215 ## - ФИЗИЧЕСКАЯ ХАРАКТЕРИСТИКА
Специфическое обозначение материала и объем с. 12-19
300 ## - ОБЩИЕ ПРИМЕЧАНИЯ
Текст примечания В кн.: Malenkov, G. M. Discours du député g. M. Malenkov, président du Conseil des minstres de l'U.R.S.S., prononcé en séance du Soviet des nationalités du Soviet suprême de l'U.R.S.S. le 26 avril 1954. [Moscou], 1954 с. 12-19
700 #1 - ИМЯ ЛИЦА - ПЕРВИЧНАЯ ОТВЕТСТВЕННОСТЬ
Код отношения Автор
Графика поля Латинская
Материалы, к которым относится поле rus
Начальный элемент ввода Chruščev
Часть имени, кроме начального элемента ввода N. S.
Даты 1894-1971
Расширение инициалов личного имени Nikita Sergeevič
Идентификатор авторитетной/нормативной записи RU\NLR\AUTH\770229277
Системный номер авторитетной/нормативной записи 229221
801 #1 - ИСТОЧНИК ЗАПИСИ
Страна Российская Федерация
Организация NLR
Дата составления 20100504
801 #0 - ИСТОЧНИК ЗАПИСИ
Страна Российская Федерация
Организация NLR
Правила каталогизации PSBO
852 ## - МЕСТОНАХОЖДЕНИЕ И ШИФР ХРАНЕНИЯ
Идентификатор организации NLR
Шифр хранения (Call Number) P43/128
942 ## - ДОПОЛНИТЕЛЬНЫЕ ЭЛЕМЕНТЫ ЗАПИСИ (АБИС)
Тип экземпляра АБИС Книга
980 ## - КОЛЛЕКЦИЯ
Название коллекции Национальная библиография
Экземпляры
Тип экземпляра Дата поступления Библиотека постоянного хранения Библиотека текущего хранения Место хранения Шифр хранения Штрих-код Статус экземпляра
Книга 26.10.2013 РНБ (Московский) РНБ (Московский) Русский журнальный фонд: издания с 1951 года, ин. P43/128 9205057-10